000 00265nam a2200109Ia 4500
005 20251222144910.0
008 251222s9999||||xx |||||||||||||| ||spa||
082 _a339.31/N12
245 0 _aUn Sistema de Cuentas Nacionales
264 _bNaciones Unidas
942 _cLIB
999 _c22326
_d22326